Countries with the lowest currency exchange rate - Statistics

General Stats
  • This quiz has been taken 41 times
  • The average score is 6 of 20
Answer Stats
Country % Correct
Zimbabwe
63%
Vietnam
53%
Iran
50%
Indonesia
45%
Cambodia
37%
D.R. Congo
37%
Uganda
34%
Laos
32%
Mongolia
32%
Somalia
32%
Colombia
26%
Turkmenistan
24%
Uzbekistan
24%
Burundi
21%
Guinea
21%
Madagascar
21%
Tanzania
21%
Sierra Leone
16%
Italy
13%
Paraguay
8%
No matching quizzes found
Score Distribution
Percent of People with Each Score
Percentile by Number Answered
Your Score History
You have not taken this quiz